El alquimista (Registro nro. 23785)

Detalles MARC
000 -CABECERA
Longitud fija campo de control 00813cam a2200217 a 4500
003 - IDENTIFICADOR DELl NÚMERO DE CONTROL
Identificador del número de control OSt
005 - FECHA Y HORA DE LA ÚLTIMA TRANSACCIÓN
Fecha y hora de la última transacción 20190214115402.0
008 - CÓDIGOS DE INFORMACIÓN DE LONGITUD FIJA
Códigos de información de longitud fija 110920s2009 esp| ||| 1|spa d
020 ## - NÚMERO INTERNACIONAL NORMALIZADO PARA LIBROS
Número Internacional Normalizado para Libros (ISBN) 84-25536-0008-05
040 ## - FUENTE DE LA CATALOGACIÓN
Centro transcriptor BMC
082 ## - NÚMERO DE LA CLASIFICACIÓN DECIMAL DEWEY
Númeroo de clasificación 808.06842
100 1# - PUNTO DE ACCESO PRINCIPAL-NOMBRE DE PERSONA
9 (RLIN) 32892
Nombre de persona Lovecraft, Howard Phillips‏
Fechas asociadas al nombre 1890-1937
245 13 - MENCIÓN DE TÍTULO
Título El alquimista
Resto del título : y otros relatos
Mención de responsabilidad, etc. H. P. Lovecraft; [traducción, José A. Álvaro Garrido]
260 ## - PUBLICACIÓN, DISTRIBUCIÓN, ETC. (PIE DE IMPRENTA)
Lugar de publicación, distribución, etc. Madrid
Nombre del editor, distribuidor, etc. El País
Fecha de publicación, distribución, etc. 2009
300 ## - DESCRIPCIÓN FÍSICA
Extensión 126 p.
Dimensiones 19 cm
490 0# - MENCIÓN DE SERIE
Mención de serie Maestros del terror
505 00 - NOTA DE CONTENIDO CON FORMATO
Nota de contenido con formato Contiene: El alquimista ; Dagón ; Más allá del muro del sueño ; Polaris ; El caos reptante ; Hechos tocantes al difunto Arthur Jermyn y su familia ; La tumba ; Celephaïs
650 24 - PUNTO DE ACCESO ADICIONAL DE MATERIA - TÉRMINO DE MATERIA
9 (RLIN) 29437
Término de materia o nombre geográfico como elemento inicial Cuentos ingleses
700 1# - PUNTO DE ACCESO ADICIONAL - NOMBRE DE PERSONA
9 (RLIN) 37527
Nombre de persona Álvaro Garrido, José A.
942 ## - ENTRADA DE ELEMENTOS AGREGADOS (KOHA)
Fuente de clasificaión o esquema Dewey Decimal Classification
Koha [por defecto] tipo de item 1- Monografias
Existencias
Suprimido Perdido Fuente de clasificación o esquema Estropeado Restricciones de uso No para préstamo Código de colección Localización permanente Localización actual Localización en estanter&íacute;as Fecha adquisición Fuente de adquisición Número de inventario Préstamos totales Renovaciones totales Signatura completa Código de barras Fecha última consulta Fecha último préstamo Coste, precio reemplazado Fecha del precio de reemplazo Tipo de item de Koha
NULL NULL Dewey Decimal Classification NULL Prestable NULL NULL Biblioteca Miguel de Cervantes - UNICAES Biblioteca Miguel de Cervantes - UNICAES Sala Principal 31/08/2015 Donación - ADESH 031245 7 1 C LOV alq 1035399 29/04/2026 21/04/2026 6.00 26/11/2015 1- Monografias